| 000 | 00693nam a22002297a 4500 | ||
|---|---|---|---|
| 005 | 20140310183634.0 | ||
| 008 | 131123b xxu||||| |||| 00| 0 eng d | ||
| 020 | _a9780071809375 | ||
| 050 |
_aQA 76.73.J39 _b.P776 2013 |
||
| 100 | _aPollock, John. | ||
| 245 |
_aJavaScript : _ba beginner's guide / _cJohn Pollock. |
||
| 250 | _a4th ed. | ||
| 260 |
_aNew York : _bMcGraw Hill, _c2013. |
||
| 300 |
_axx, 507 p. : _bill. ; _c23 cm. |
||
| 504 | _aIncludes Index. | ||
| 521 | _aIT | ||
| 650 | _aJavaScript (Computer program language) | ||
| 650 | _aWeb site development. | ||
| 650 |
_aCOMPUTERS -- _vProgramming Languages _xJavaScript. |
||
| 942 |
_2lcc _cBK _kFOR |
||
| 999 |
_c25672 _d25672 |
||